000 00640nam a2200169 a 4500
008 130408s2010 ||||||||||||||||| || u
020 _a9780136109501
050 _aTA 403 Bud
100 _aBudinski, Michael K
245 1 0 _aEngineering materials: properties and section. (9th ed.)
_cby Kenneth G Budinski and Michael K. Budinski
250 _a9th ed.
260 _aNew jersey:
_bPearson
_c2010
300 _ax, 774p.:ill.
650 0 _aMATERIALS
700 _aBudinski, Kenneth G
995 _FCBU-MAIN LIBRARY (Kitwe)
_M1
_UAVAILABLE
_WJun 17, 2013
_ZMain Library Open Access Collection
999 _c41954
_d41954